000 01195nam0a22002531 4500
001 rc\527956
005 20030616165412.5
035 _a(NLR Aleph) 005766273
090 _a4989065
_c4989065
100 _a20030616d1988 u |0rusy50 ca
101 0 _arus
102 _aRU
105 _aa |||||||||
200 1 _aПолитика ВНР в области ценообразования на потребительскую продукцию как фактор демократизации общественных отношений
_fАН СССР. Сиб. отд-ние, Ин-т экономики и орг. пром. пр-ва
210 _aНовосибирск
_cИЭиОПП
_d1988
215 _a16 с.
_cграф.
_d20
225 1 _aПрепринт
_fМеждунар. семинар "Социол. аспекты экон. реформ в соц. странах" (анализ, практ. опыта) г. Новосибирск, сент. 1988 г.
320 _aБиблиогр.: с. 16
700 1 _aРувинская
_bЛ. М.
_gЛюдмила Михайловна
801 0 _aRU
_bNLR
_gpsbo
801 1 _aRU
_bELAR
_2rusmarc
852 _aNLR
_j89-4/4805
942 _cBOOK
980 _aNB